[Event "Liptovsky Mikulas V4 U11 op"]
[Site "Liptovsky Mikulas"]
[Date "2016.06.24"]
[Round "3"]
[White "Michalkova, Viktorie Nela"]
[Black "Fajtakova, Silvia"]
[Result "1-0"]
[WhiteElo "1076"]
[BlackElo "1186"]
[PlyCount "69"]
[EventDate "2016.06.23"]
[EventType "swiss"]
[EventRounds "9"]
[EventCountry "SVK"]
[SourceTitle "CBM 173 Extra"]
[Source "ChessBase"]
[SourceDate "2016.08.29"]
[SourceVersion "1"]
[SourceVersionDate "2016.08.29"]
[SourceQuality "1"]

1. e4 e5 2. Nf3 Nc6 3. Bc4 Nf6 4. Ng5 d5 5. exd5 Na5 6. Bb5+ c6 7. dxc6 bxc6 8. Qf3 Bb7 9. Bd3 h6 10. Ne4 Nxe4 11. Bxe4 Qc7 12. d3 Rc8 13. Bd2 Ba8 14. 0-0 Nb7 15. Nc3 Nd8 16. Rae1 Rb8 17. b3 Ne6 18. Bf5 Nd4 19. Qe4 Nxf5 20. Qxf5 Bd6 21. d4 0-0 22. dxe5 Be7 23. Qg4 h5 24. Qxh5 c5 25. Re3 Qc6 26. Ne4 f5 27. exf6 Rxf6 28. Nxf6+ Bxf6 29. Rg3 Rf8 30. Bh6 Rf7 31. Re1 a5 32. Rg6 Qb7 33. Bxg7 Bxg7 34. Rxg7+ Rxg7 35. Re8# 1-0

[Event "CZE-ch U10 Girls"]
[Site "Kouty nad Desnou"]
[Date "2015.03.12"]
[Round "7"]
[White "Michalkova, Viktorie Nela"]
[Black "Brabencova, Aneta"]
[Result "1-0"]
[WhiteElo "1100"]
[BlackElo "1000"]
[PlyCount "75"]
[EventDate "2015.03.07"]
[EventType "swiss"]
[EventRounds "9"]
[EventCountry "CZE"]
[SourceTitle "EXT 2017"]
[Source "ChessBase"]
[SourceDate "2016.10.25"]
[SourceVersion "1"]
[SourceVersionDate "2016.10.25"]
[SourceQuality "1"]

1. e4 e5 2. Nf3 Nc6 3. Bc4 Bc5 4. d3 d6 5. h3 Nf6 6. Nc3 Bd7 7. 0-0 h5 8. Be3 Bg4 9. hxg4 hxg4 10. Ng5 Qd7 11. Nxf7 Rh7 12. Ng5 Rh4 13. Bxc5 dxc5 14. Be6 Qd6 15. Nd5 Nd4 16. g3 Nf3+ 17. Nxf3 Rh3 18. Ng5 Rb8 19. Nxh3 gxh3 20. Bxh3 Kf7 21. Nxf6 Qxf6 22. f4 Ke7 23. fxe5 Qxe5 24. Qf3 Qd4+ 25. Qf2 Qxf2+ 26. Rxf2 Rh8 27. Bg4 g5 28. Rf5 Rf8 29. Rxf8 Kxf8 30. Rf1+ Kg7 31. e5 b5 32. e6 b4 33. e7 b3 34. axb3 a5 35. e8Q Kh6 36. Qe6+ Kh7 37. Rf7+ Kh8 38. Qe8# 1-0

[Event "CZE-ch U10 Girls"]
[Site "Kouty nad Desnou"]
[Date "2014.03.11"]
[Round "5"]
[White "Fizerova, Lucie"]
[Black "Michalkova, Viktorie Nela"]
[Result "1-0"]
[WhiteElo "1160"]
[BlackElo "1100"]
[PlyCount "47"]
[EventDate "2014.03.08"]
[EventType "swiss"]
[EventRounds "9"]
[EventCountry "CZE"]
[SourceTitle "EXT 2015"]
[Source "ChessBase"]
[SourceDate "2014.11.20"]
[SourceVersion "1"]
[SourceVersionDate "2014.11.20"]
[SourceQuality "1"]

1. e4 e5 2. Nf3 Nc6 3. Bb5 Nd4 4. Nxd4 exd4 5. 0-0 c6 6. Ba4 Nf6 7. d3 h6 8. c3 d6 9. cxd4 d5 10. e5 Nd7 11. Nc3 Bb4 12. a3 Ba5 13. b4 Bb6 14. Be3 f6 15. e6 Nf8 16. Qh5+ g6 17. Qf3 Nxe6 18. Qg3 Bc7 19. Qxg6+ Kf8 20. Bxh6+ Ng7 21. Qxg7+ Ke8 22. Rfe1+ Be6 23. Rxe6+ Qe7 24. Qxe7# 1-0

[Event "CZE-ch U10 Girls"]
[Site "Kouty nad Desnou"]
[Date "2014.03.08"]
[Round "1"]
[White "Michalkova, Viktorie Nela"]
[Black "Dvorakova, Olga"]
[Result "0-1"]
[WhiteElo "1100"]
[BlackElo "1245"]
[PlyCount "54"]
[EventDate "2014.03.08"]
[EventType "swiss"]
[EventRounds "9"]
[EventCountry "CZE"]
[SourceTitle "EXT 2015"]
[Source "ChessBase"]
[SourceDate "2014.11.20"]
[SourceVersion "1"]
[SourceVersionDate "2014.11.20"]
[SourceQuality "1"]

1. e4 e5 2. Nf3 Nc6 3. Nc3 Bc5 4. Bc4 d6 5. h3 Nf6 6. d3 Be6 7. Bg5 Qe7 8. Qd2 Na5 9. b3 Nxc4 10. bxc4 c6 11. 0-0 0-0 12. Rab1 Rad8 13. Bh4 d5 14. exd5 cxd5 15. cxd5 Bxd5 16. Rb5 Bc4 17. Ra5 b6 18. Ra4 b5 19. Ra6 b4 20. Ne4 Bxa6 21. Rb1 Bb7 22. Nfg5 h6 23. Nf3 Bxe4 24. Ne1 Qe6 25. Rb3 Rd6 26. g3 Qxh3 27. Qe2 Qh1# 0-1